[Event "III Copa Roggio C"]
[Site "Asuncion PAR"]
[Date "2010.05.27"]
[Round "7"]
[White "Chavez,Ni"]
[Black "Heinrichs,Vivian"]
[Result "0-1"]
[WhiteElo "1700"]
[BlackElo "1870"]
[EventDate "2010.05.20"]

1. d4 d5 2. c4 Bf5 3. Qb3 e5 4. dxe5 dxc4 5. Qxb7 Nd7 6. e6 Bxe6 7. Nc3 Bc5
8. Bg5 Qb8 9. Qc6 Ne7 10. Bxe7 Bxe7 11. O-O-O Qc8 12. Nd5 Bd6 13. e4 O-O
14. Nf3 Re8 15. Bxc4 Rb8 16. Nxc7 Rb6 17. Qxb6 Nxb6 18. Nxe8 Bf4+ 19. Kb1
Qxc4 20. Rd8 Qxa2+ 21. Kc2 Qa4+ 0-1

[Event "III Copa Roggio C"]
[Site "Asuncion PAR"]
[Date "2010.05.27"]
[Round "7"]
[White "Alarcon,J"]
[Black "Florentin,Dam"]
[Result "1-0"]
[WhiteElo "1748"]
[BlackElo "1782"]
[EventDate "2010.05.20"]

1. e4 e5 2. Nf3 Nc6 3. Bb5 a6 4. Ba4 Nf6 5. d3 d6 6. O-O b5 7. Bb3 Na5 8.
c3 Nxb3 9. Qxb3 Be6 10. Qc2 c5 11. Ng5 Bg4 12. h3 Bh5 13. f4 h6 14. Nf3 Nd7
15. f5 Bxf3 16. Rxf3 Be7 17. Rg3 Bf6 18. Be3 Qc7 19. Nd2 Nb6 20. Nf1 Rc8
21. Nh2 Qd8 22. Rf3 d5 23. Ng4 d4 24. Bd2 a5 25. cxd4 cxd4 26. Qb3 b4 27.
a3 O-O 28. axb4 a4 29. Qd1 Qd6 30. b3 axb3 31. Qxb3 Ra8 32. Ra5 Rfc8 33.
Rf1 h5 34. Nh2 Rab8 35. Rfa1 Rb7 36. Ra7 Qc7 37. Rxb7 Qxb7 38. Nf3 Ra8 39.
Ra5 Nd7 40. Qa4 Rc8 41. Ra7 Nb6 42. Qa2 Qc6 43. Qxf7+ Kh7 44. Ng5+ Kh8 45.
Qxh5+ 1-0

[Event "III Copa Roggio C"]
[Site "Asuncion PAR"]
[Date "2010.05.27"]
[Round "7"]
[White "Gomez Harika,M"]
[Black "Riva,Eric"]
[Result "1/2-1/2"]
[WhiteElo "1518"]
[BlackElo "1639"]
[EventDate "2010.05.20"]

1. e4 e6 2. d4 d5 3. e5 c5 4. c3 Qb6 5. Nf3 Nc6 6. a3 a5 7. b3 Bd7 8. Be3
Nh6 9. Be2 Nf5 10. O-O Nxe3 11. fxe3 f6 12. exf6 gxf6 13. Nh4 Ke7 14. Nd2
Bh6 15. Rf3 cxd4 16. cxd4 Nxd4 17. exd4 Qxd4+ 18. Kh1 Qxd2 19. Qf1 Qd4 20.
Rh3 Qf4 21. Qg1 e5 22. Qc5+ Ke8 23. Bh5+ Kd8 24. Qxd5 Qd4 25. Qxd4 exd4 26.
Rd3 1/2-1/2

[Event "III Copa Roggio C"]
[Site "Asuncion PAR"]
[Date "2010.05.27"]
[Round "7"]
[White "Battaglia,J"]
[Black "Luzuriaga,N"]
[Result "1/2-1/2"]
[WhiteElo "1806"]
[BlackElo "1885"]
[EventDate "2010.05.20"]

1. d4 Nf6 2. c4 e6 3. Nf3 d5 4. e3 c6 5. Bd3 Be7 6. O-O O-O 7. Nc3 dxc4 8.
Bxc4 b5 9. Bd3 b4 10. Ne4 Ba6 11. Re1 Bxd3 12. Qxd3 c5 13. Nxf6+ Bxf6 14.
Qe4 Nd7 15. dxc5 Nxc5 16. Qc2 Rc8 17. Rd1 Qe7 18. Bd2 a5 19. Rab1 Qb7 20.
Be1 Qa6 21. e4 Nd7 22. Qa4 Nc5 1/2-1/2

[Event "III Copa Roggio C"]
[Site "Asuncion PAR"]
[Date "2010.05.27"]
[Round "7"]
[White "Estigarribia,M"]
[Black "Torres,Mauricio"]
[Result "1-0"]
[WhiteElo "1706"]
[BlackElo "1649"]
[EventDate "2010.05.20"]

1. c4 c5 2. Nc3 Nf6 3. g3 g6 4. Bg2 Bg7 5. d3 O-O 6. e4 e6 7. Nge2 Nc6 8.
O-O a6 9. f4 Nd4 10. Nxd4 cxd4 11. Ne2 Ng4 12. Rb1 Qa5 13. a3 Qh5 14. h3
Ne3 15. Bxe3 dxe3 16. b4 e5 17. Qe1 exf4 18. Nxf4 Qe5 19. Ne2 Qd6 20. d4
Qc7 21. Rc1 Rb8 22. Kh2 b6 23. Qc3 d6 24. Qxe3 f5 25. Qb3 Kh8 26. d5 Bd7
27. exf5 Bxf5 28. Nf4 Be5 29. Ne6 Bxe6 30. dxe6 Qe7 31. Bd5 Qh4 32. Qd3 Qg5
33. Rce1 b5 34. Rf3 bxc4 35. Bxc4 Rbc8 36. Ref1 Rxf3 37. Qxf3 Bg7 38. Qf7
Rf8 39. e7 Qd2+ 40. Kh1 Rxf7 41. e8=Q+ 1-0

[Event "III Copa Roggio C"]
[Site "Asuncion PAR"]
[Date "2010.05.27"]
[Round "7"]
[White "Rivarola,P"]
[Black "Moreno,M"]
[Result "1-0"]
[WhiteElo "1652"]
[BlackElo "1511"]
[EventDate "2010.05.20"]

1. d4 Nf6 2. c4 g6 3. g3 Bg7 4. Bg2 O-O 5. e4 d6 6. Ne2 Nc6 7. O-O e5 8. d5
Ne7 9. Nbc3 Nd7 10. b4 f5 11. f3 Nf6 12. Bg5 c6 13. Kh1 Qc7 14. Qb3 Bd7 15.
Rad1 Kh8 16. a4 Rac8 17. Rc1 Rf7 18. Rfd1 Rcf8 19. dxc6 Nxc6 20. Nb5 Qb6
21. a5 Qd8 22. Nxd6 Re7 23. Nxb7 Qb8 24. a6 Bc8 25. b5 Bxb7 26. axb7 Rxb7
27. exf5 gxf5 28. Qa3 Nd8 29. Bxf6 Rxf6 30. Rd5 Nf7 31. Rcd1 Qc7 32. Qd3
Rbb6 33. Nc3 Rb8 34. Rd7 Qc5 35. Nd5 Rf8 36. Nxf6 Bxf6 37. Qxf5 Qb6 38. c5
1-0

[Event "III Copa Roggio C"]
[Site "Asuncion PAR"]
[Date "2010.05.28"]
[Round "8"]
[White "Goiriz,Y"]
[Black "Villalba,M"]
[Result "1-0"]
[WhiteElo "2052"]
[BlackElo "2107"]
[EventDate "2010.05.20"]

1. e4 c5 2. Nf3 d6 3. d4 cxd4 4. Nxd4 Nf6 5. f3 Nc6 6. c4 g6 7. Be3 Bg7 8.
Nc3 O-O 9. Be2 Qb6 10. Na4 Qa5+ 11. Nc3 Nd7 12. O-O Qb6 13. Nd5 Bxd4 14.
Nxb6 Bxe3+ 15. Kh1 Bxb6 16. f4 Bd4 17. Bg4 Nc5 18. Bxc8 Raxc8 19. Qe2 f5
20. exf5 Rxf5 21. Rad1 e5 22. fxe5 dxe5 23. Rxf5 gxf5 24. Rf1 Ne7 25. b4
Ne6 26. Qh5 Rf8 27. Rf3 Nf4 28. Qg5+ Neg6 29. h4 Ne6 30. Qh5 f4 31. Qg4 Kf7
32. g3 Kf6 33. h5 Ne7 34. gxf4 exf4 35. Rxf4+ Nxf4 36. Qxf4+ Nf5 37. Kg2
Rg8+ 38. Kf1 Rg1+ 39. Ke2 Rg2+ 40. Kd3 Rg3+ 41. Kc2 Rc3+ 42. Kd1 Rxc4 43.
Qb8 Be3 44. Qh8+ Ng7 45. Qf8+ Ke5 46. Qxg7+ Ke4 47. Qxh7+ Kd4 48. Qd7+ Kc3
49. Ke2 Bd4 50. h6 Rxb4 51. h7 Rb2+ 52. Kf3 Rf2+ 53. Ke4 Re2+ 54. Kd5 Re5+
55. Kd6 Ra5 56. Qf7 Rb5 57. Qf3+ Kb4 58. Qg4 Kc3 59. a4 Ra5 60. Qc8+ Kd3
61. Qxb7 Be5+ 62. Ke6 Bc3 63. Qb3 Ra6+ 64. Kd7 Rh6 65. Kc8 a5 66. Qb1+ Kd2
67. Kd7 Rh4 68. Ke6 Rxa4 69. Qf5 Rb4 70. Qf2+ Kd3 71. Qf3+ Kc2 72. Qxc3+
Kxc3 73. h8=Q+ Kc4 74. Qh4+ Kb3 75. Qg3+ Ka2 76. Qc3 Rb6+ 77. Kd5 Rb4 78.
Kc5 Kb1 79. Qa3 Rb2 80. Qxa5 Rc2+ 81. Kb4 Rb2+ 82. Kc3 Rc2+ 83. Kd3 Rb2 84.
Qa4 Rh2 85. Qg4 Rb2 86. Qd1+ Ka2 87. Kc3 Rh2 88. Qa4+ Kb1 89. Qb5+ Ka1 90.
Qa6+ Kb1 91. Qb6+ 1-0

[Event "III Copa Roggio C"]
[Site "Asuncion PAR"]
[Date "2010.05.28"]
[Round "8"]
[White "Genta,A"]
[Black "Roman,R"]
[Result "0-1"]
[WhiteElo "2106"]
[BlackElo "1905"]
[EventDate "2010.05.20"]

1. Nf3 Nf6 2. d4 g6 3. c4 Bg7 4. Nc3 O-O 5. e4 d6 6. Be2 c5 7. d5 e5 8.
dxe6 fxe6 9. Bg5 Nc6 10. O-O e5 11. Ne1 Nd4 12. Nc2 h6 13. Bh4 Be6 14. Ne3
Qe8 15. Bxf6 Rxf6 16. Bg4 a6 17. Bxe6+ Qxe6 18. Ncd5 Rf7 19. Qg4 Qxg4 20.
Nxg4 Ne2+ 21. Kh1 h5 22. Nge3 Raf8 23. f3 Bh6 24. Nc2 g5 25. Nde3 Nd4 26.
Nxd4 cxd4 27. Nf5 Rxf5 28. exf5 Rxf5 29. g3 Kf7 30. h3 Ke6 31. g4 hxg4 32.
hxg4 Rf7 33. Kg2 b5 34. Rac1 bxc4 35. Rxc4 Kd5 36. Ra4 Rc7 37. Rf2 Rc6 38.
Ra5+ Ke6 39. Rd2 Bg7 40. Kf2 d5 41. b3 e4 42. Ke1 d3 43. fxe4 dxe4 44. Rxg5
Rc1+ 45. Kf2 Bd4+ 46. Kg3 Be3 47. Rg6+ Kf7 48. Rxd3 exd3 49. Rd6 d2 50. Kf3
d1=Q+ 51. Rxd1 Rxd1 52. Kxe3 Ra1 0-1

[Event "III Copa Roggio C"]
[Site "Asuncion PAR"]
[Date "2010.05.28"]
[Round "8"]
[White "Butti,E"]
[Black "Latorre,Mat"]
[Result "0-1"]
[WhiteElo "2089"]
[BlackElo "2072"]
[EventDate "2010.05.20"]

1. d4 g6 2. c4 Bg7 3. Nc3 d6 4. e4 a6 5. Be3 c6 6. Qd2 b5 7. h4 h5 8. f3
Nd7 9. Rd1 Qa5 10. Nh3 b4 11. Nb1 Qxa2 12. Ng5 a5 13. Bd3 Ba6 14. O-O c5
15. Be2 Rc8 16. e5 cxd4 17. e6 dxe3 18. exd7+ Kxd7 19. Qxe3 Bxc4 20. Bxc4
Qxc4 0-1

[Event "III Copa Roggio C"]
[Site "Asuncion PAR"]
[Date "2010.05.28"]
[Round "8"]
[White "Vazquez,G"]
[Black "Daneri,M"]
[Result "1/2-1/2"]
[WhiteElo "2004"]
[BlackElo "2109"]
[EventDate "2010.05.20"]

1. d4 f5 2. Nc3 d5 3. e4 dxe4 4. f3 e5 5. dxe5 Qxd1+ 6. Nxd1 Nc6 7. Bf4
Nge7 8. Bb5 Ng6 9. g3 Bd7 10. fxe4 fxe4 11. Nf2 Nxf4 12. gxf4 e3 13. Nd3
Nxe5 14. Bxd7+ Nxd7 15. Ke2 Bd6 16. Kxe3 O-O 17. Nh3 c5 18. c4 Rae8+ 19.
Kf3 Ne5+ 20. Nxe5 Bxe5 21. Rae1 Bxb2 22. Rxe8 Rxe8 23. Rb1 Bd4 24. Rxb7 a5
25. Ra7 Re3+ 26. Kg4 h6 27. Rxa5 Rc3 28. Ra4 g6 29. Ra8+ Kh7 30. Ra7+ Bg7
31. a4 Rxc4 32. Rc7 g5 33. a5 Kg6 34. a6 h5+ 35. Kg3 Rc3+ 36. Kg2 g4 37.
Nf2 Bd4 38. a7 Ra3 39. Ne4 Ra2+ 40. Kg3 Ra3+ 41. Kg2 c4 42. f5+ Kxf5 43.
Nd6+ Ke6 44. Nb5 Ra2+ 45. Kf1 Bxa7 46. Nxa7 Kd5 47. Nc8 Rb2 48. Ne7+ Kd6
49. Rxc4 Kxe7 50. Kg1 Kf6 51. Rc5 Kg6 52. h3 g3 53. h4 Rb4 54. Rg5+ Kh6 55.
Rxg3 Rxh4 56. Ra3 Rg4+ 1/2-1/2

[Event "III Copa Roggio C"]
[Site "Asuncion PAR"]
[Date "2010.05.28"]
[Round "8"]
[White "Diaz,Fe"]
[Black "Ippolitti,H"]
[Result "0-1"]
[WhiteElo "1999"]
[BlackElo "2090"]
[EventDate "2010.05.20"]

1. c4 Nf6 2. Nc3 g6 3. g3 Bg7 4. Bg2 O-O 5. e3 c6 6. Nge2 d5 7. b3 Bf5 8.
O-O Bd3 9. Ba3 dxc4 10. bxc4 Bxc4 11. d4 Nbd7 12. Qa4 Nb6 13. Qc2 Nfd5 14.
Rfe1 Nxc3 15. Nxc3 Re8 16. Rad1 Be6 17. e4 Nc4 18. Bc1 Qa5 19. Na4 Bxd4 20.
Bf1 Ne5 21. Kg2 Bg4 22. Rxd4 Qxe1 23. Bd2 Bh3+ 0-1

[Event "III Copa Roggio C"]
[Site "Asuncion PAR"]
[Date "2010.05.28"]
[Round "8"]
[White "Chang,S"]
[Black "Escofet,J"]
[Result "0-1"]
[WhiteElo "2031"]
[BlackElo "2076"]
[EventDate "2010.05.20"]

1. d4 Nf6 2. g3 c5 3. Nf3 g6 4. Bg2 Bg7 5. O-O cxd4 6. Nxd4 O-O 7. c4 d5 8.
cxd5 Nxd5 9. Nb5 e6 10. e4 Nb4 11. Qb3 N8c6 12. a3 Nd3 13. Be3 Na5 14. Qc2
Nxb2 15. Bc5 Qd3 16. Qxd3 Nxd3 17. Bxf8 Bxa1 18. Bd6 Bd7 19. Nc7 Rc8 20.
Rd1 Be5 21. Rxd3 Bxd6 22. Rxd6 Rxc7 23. Rd1 Ba4 24. Re1 e5 25. Bf1 Rc2 26.
Bd3 Ra2 27. Rc1 Bc6 28. Rc5 Nb3 29. Rc3 Nd4 30. Rc1 Kg7 31. Kf1 Bd7 32. Kg2
Bc6 33. Kf1 Nf3 34. h4 Nh2+ 35. Ke1 Ng4 36. f3 Nf6 37. Be2 Nh5 38. Kf2 Bb5
39. Nc3 Bxe2 40. Nxe2 Nxg3 41. Kxg3 Rxe2 42. Rc7 Rb2 43. a4 a6 44. a5 Rb5
45. Rd7 Kf6 46. Rc7 h5 47. Rd7 Ke6 48. Rc7 Rb3 49. Kf2 Rb2+ 50. Kg3 Rb5 51.
Kf2 f5 52. Rg7 Kf6 53. Rc7 g5 54. hxg5+ Kxg5 55. exf5 Kxf5 56. Kg3 e4 57.
fxe4+ Kxe4 58. Rh7 Kd5 0-1

[Event "III Copa Roggio C"]
[Site "Asuncion PAR"]
[Date "2010.05.28"]
[Round "8"]
[White "Heinrichs,Vivian"]
[Black "Deus Filho,J"]
[Result "0-1"]
[WhiteElo "1870"]
[BlackElo "2048"]
[EventDate "2010.05.20"]

1. e4 b6 2. d4 Bb7 3. Nc3 e6 4. Bd3 Bb4 5. Bd2 f5 6. Qe2 Nf6 7. f3 Bxc3 8.
Bxc3 fxe4 9. fxe4 Nxe4 10. Nf3 Nxc3 11. bxc3 O-O 12. O-O Qe7 13. Ne5 Rf6
14. Ng4 Rxf1+ 15. Rxf1 d6 16. c4 Nd7 17. d5 Nc5 18. Bf5 e5 19. Nf2 Bc8 20.
Nd3 Bxf5 21. Rxf5 Nxd3 22. cxd3 Rf8 23. Qf2 g6 24. Rxf8+ Qxf8 25. a4 Qxf2+
26. Kxf2 Kg7 27. g4 Kf6 28. h4 h5 29. Kg3 hxg4 30. Kxg4 a6 31. Kg3 g5 32.
hxg5+ Kxg5 33. Kf3 Kf5 34. Ke3 Kg5 35. Ke4 Kg4 36. Ke3 Kg3 37. Ke4 Kf2 38.
d4 exd4 39. Kxd4 Ke2 40. Kc3 Ke3 41. Kb3 Kd3 42. Kb4 Kd4 0-1

[Event "III Copa Roggio C"]
[Site "Asuncion PAR"]
[Date "2010.05.28"]
[Round "8"]
[White "Lipiniks,L"]
[Black "Saldana,I"]
[Result "1-0"]
[WhiteElo "1870"]
[BlackElo "1833"]
[EventDate "2010.05.20"]

1. e4 c5 2. d4 cxd4 3. Nf3 Nc6 4. Nxd4 a6 5. Nc3 e6 6. Be2 Nge7 7. Nb3 Ng6
8. Be3 Be7 9. O-O O-O 10. f4 d6 11. a3 b5 12. Bd3 Bb7 13. Qh5 Re8 14. Rad1
Qc7 15. Rf3 Nf8 16. Rh3 g6 17. Qe2 Bf6 18. Qf2 Bg7 19. Bb6 Qe7 20. Na5 Nxa5
21. Bxa5 Nd7 22. Bb4 a5 23. Bxd6 Qxd6 24. Bxb5 Qb8 25. Bxd7 Rd8 26. e5 Ba6
27. Bc6 Qxb2 28. Bxa8 Rxa8 29. Ne4 h6 30. Rb3 1-0

[Event "III Copa Roggio C"]
[Site "Asuncion PAR"]
[Date "2010.05.28"]
[Round "8"]
[White "Florentin,Dam"]
[Black "Gomez Harika,M"]
[Result "1/2-1/2"]
[WhiteElo "1782"]
[BlackElo "1518"]
[EventDate "2010.05.20"]

1. d4 Nf6 2. Bf4 g6 3. c4 d6 4. e3 Bg7 5. Nc3 O-O 6. Be2 Nc6 7. Nf3 Nd7 8.
Bg3 e5 9. d5 Ne7 10. e4 h6 11. h3 f5 12. Bd3 Nc5 13. b4 Nxd3+ 14. Qxd3 a5
15. b5 Kh7 16. a4 Ng8 17. Nd2 Nf6 18. Bh4 Qe8 19. Bxf6 Bxf6 20. g4 f4 21.
O-O-O Bh4 22. Rdf1 Qd8 23. Qe2 Qe7 24. Nf3 Qd8 25. Rfg1 Be7 26. Rg2 Qe8 27.
Kc2 Qf7 28. Rgh2 Bd7 29. Qf1 Rh8 30. Qg2 Rag8 31. h4 Kg7 32. Nd2 b6 33. Nf3
Kf8 34. Ne2 Ke8 35. Neg1 Kd8 36. h5 g5 37. Nd2 Bf6 38. f3 Ke7 39. Nb3 Ra8
40. Ne2 Rhb8 41. Nec1 Kf8 42. Nd3 Be7 1/2-1/2

[Event "III Copa Roggio C"]
[Site "Asuncion PAR"]
[Date "2010.05.28"]
[Round "8"]
[White "Torres,Mauricio"]
[Black "Luzuriaga,N"]
[Result "1/2-1/2"]
[WhiteElo "1649"]
[BlackElo "1885"]
[EventDate "2010.05.20"]

1. e4 d6 2. d4 Nf6 3. Bd3 g6 4. c4 Bg7 5. h3 Nbd7 6. Nf3 e5 7. O-O O-O 8.
Nc3 exd4 9. Nxd4 Ne5 10. Be2 Bd7 11. Nf3 Bc6 12. Nxe5 dxe5 13. f3 Qe7 14.
Nd5 Nxd5 15. cxd5 Qc5+ 16. Kh1 Bb5 17. Bd2 Qb6 18. Bxb5 Qxb5 19. Qc2 Rac8
20. a4 Qd7 1/2-1/2

[Event "III Copa Roggio C"]
[Site "Asuncion PAR"]
[Date "2010.05.28"]
[Round "8"]
[White "Laterza,Martin"]
[Black "Rivarola,P"]
[Result "0-1"]
[WhiteElo "1494"]
[BlackElo "1652"]
[EventDate "2010.05.20"]

1. e4 d6 2. d4 g6 3. Nc3 Bg7 4. Be3 Nd7 5. Qd2 e5 6. Nge2 exd4 7. Nxd4 Ngf6
8. f3 a6 9. Bc4 Ne5 10. Bb3 c5 11. Nde2 c4 12. f4 cxb3 13. fxe5 Ng4 14. Bg5
Qb6 15. Bh4 bxc2 16. Qxd6 Qxd6 17. exd6 b5 18. Rc1 f5 19. Bg5 fxe4 20. Rxc2
Bb7 21. Rd2 Ne5 22. Ng3 h6 23. Be3 Nd3+ 24. Ke2 Bxc3 25. bxc3 O-O-O 26. Rf1
Rxd6 27. Bd4 Re8 28. Ke3 h5 29. h4 Ne5 30. Bxe5 Rxd2 31. Kxd2 Rxe5 32. Ke3
Rc5 33. Nxe4 Bxe4 34. Kxe4 Rxc3 35. Rf6 Rg3 36. Rxa6 Rxg2 37. Rb6 b4 38.
Kf3 Rg4 39. Ra6 Kd7 40. Ra4 Kc6 41. a3 b3 42. Ra8 Kb5 43. Rb8+ Kc4 44. a4
Kc3 45. a5 b2 46. a6 Rb4 47. a7 b1=Q 48. Rc8+ Kd3 49. Rd8+ Rd4 50. a8=Q
Qh1+ 51. Kg3 Qxh4+ 52. Kg2 Qxd8 0-1

[Event "III Copa Roggio C"]
[Site "Asuncion PAR"]
[Date "2010.05.28"]
[Round "8"]
[White "Moreno,M"]
[Black "Battaglia,J"]
[Result "0-1"]
[WhiteElo "1511"]
[BlackElo "1806"]
[EventDate "2010.05.20"]

1. e4 c5 2. Nf3 Nc6 3. d4 cxd4 4. Nxd4 d6 5. Nc3 g6 6. Be3 Bg7 7. f3 Nf6 8.
Qd2 Nxd4 9. Bxd4 a6 10. g4 b5 11. Bd3 Bb7 12. Be3 h5 13. Rg1 hxg4 14. fxg4
Nd7 15. O-O-O Rc8 16. Nb1 Ne5 17. Rdf1 b4 18. Qe2 Qa5 19. Nd2 Qxa2 20. Bd4
Qa1+ 21. Nb1 Rxh2 22. Qxh2 Nxd3+ 23. Kd2 Bxd4 24. Kxd3 Qxb2 25. Rg2 a5 26.
Qh7 Ba6+ 27. Kd2 Rxc2+ 0-1

[Event "III Copa Roggio C"]
[Site "Asuncion PAR"]
[Date "2010.05.29"]
[Round "9"]
[White "Roman,R"]
[Black "Goiriz,Y"]
[Result "1/2-1/2"]
[WhiteElo "1905"]
[BlackElo "2052"]
[EventDate "2010.05.20"]

1. e4 c6 2. d4 d5 3. Nd2 dxe4 4. Nxe4 Bf5 5. Ng3 Bg6 6. h4 h6 7. h5 Bh7 8.
Nf3 Nd7 9. Bd3 Bxd3 10. Qxd3 Ngf6 11. Bf4 e6 12. O-O-O Be7 13. Ne4 Nxe4 14.
Qxe4 Nf6 15. Qe2 Qd5 16. Kb1 Qe4 17. Qxe4 Nxe4 18. Be3 Nf6 19. Ne5 Rd8 20.
f3 O-O 21. c4 Rd6 22. g4 Rc8 23. Rh2 b5 24. b3 bxc4 25. bxc4 Nd7 26. Rhd2
Nf6 27. Kc2 Rdd8 28. Rb1 Rc7 29. Bf4 Rdc8 30. Nd3 Rd7 31. Ne5 Rdc7 32. Nd3
Rd7 33. Ne5 Rdc7 1/2-1/2

[Event "III Copa Roggio C"]
[Site "Asuncion PAR"]
[Date "2010.05.29"]
[Round "9"]
[White "Ippolitti,H"]
[Black "Latorre,Mat"]
[Result "1-0"]
[WhiteElo "2090"]
[BlackElo "2072"]
[EventDate "2010.05.20"]

1. e4 e6 2. d4 d5 3. Nc3 Nc6 4. Nf3 Nf6 5. Bg5 Bb4 6. e5 h6 7. Bd2 Ne4 8.
Bd3 Nxd2 9. Qxd2 Bd7 10. a3 Ba5 11. b4 Bb6 12. Ne2 O-O 13. c3 f6 14. b5 Na5
15. Rb1 c5 16. O-O c4 17. Bc2 f5 18. h4 Qe7 19. Nf4 Be8 20. h5 Bf7 21. Qe3
Qd8 22. g4 fxg4 23. Nh4 Bxh5 24. Nhg6 Bxg6 25. Bxg6 Qe7 26. Bc2 Rf7 27. Bg6
Rff8 28. Bc2 Qxa3 29. Ra1 Qb2 30. Qd2 Qxb5 31. Ba4 Qa6 32. Nxe6 Rfe8 33.
Nf4 Bd8 34. Bxe8 Bg5 35. Bd7 Nb3 36. Rxa6 Nxd2 37. Be6+ Kh7 38. Bxd5 bxa6
39. Bxa8 Nxf1 40. Be4+ Kg8 41. Bd5+ Kh7 42. Ne6 Bd2 43. Kxf1 a5 44. Bxc4
Bxc3 45. Ke2 g5 46. Kd3 Be1 47. d5 Bxf2 48. d6 Bb6 49. Ke4 a6 50. d7 Kg6
51. d8=Q Bxd8 52. Nxd8 Kg7 53. Nc6 a4 54. Nd4 h5 55. Be2 g3 56. Nf5+ Kf8
57. Nxg3 h4 58. Nf1 a3 59. Bc4 g4 60. Kf4 g3 61. Kf3 Kg7 62. Kg2 Kg6 63.
Ne3 a5 64. e6 Kf6 65. Nf5 Kxf5 66. e7 Kg4 67. Be6+ 1-0

[Event "III Copa Roggio C"]
[Site "Asuncion PAR"]
[Date "2010.05.29"]
[Round "9"]
[White "Deus Filho,J"]
[Black "Vazquez,G"]
[Result "0-1"]
[WhiteElo "2048"]
[BlackElo "2004"]
[EventDate "2010.05.20"]

1. e4 c5 2. Nc3 d6 3. g3 g6 4. Bg2 Bg7 5. d3 Nc6 6. Be3 Nf6 7. h3 Rb8 8.
Qd2 b5 9. Bh6 Bxh6 10. Qxh6 Qa5 11. Qd2 Nd4 12. Nge2 b4 13. Nd1 Nxe2 14.
Kxe2 O-O 15. f4 Bb7 16. Ne3 e5 17. Nc4 Qc7 18. g4 d5 19. fxe5 Nxe4 20. dxe4
dxc4 21. Qd6 Qxd6 22. exd6 Rbd8 23. Rad1 Rfe8 24. Ke3 Re6 25. g5 Kf8 26.
Rhe1 Rdxd6 27. Rxd6 Rxd6 28. e5 Rd7 29. Bxb7 Rxb7 30. Rd1 Ke7 31. Rd5 Rb5
32. Ke4 Ra5 33. b3 Rxa2 34. Rxc5 cxb3 35. cxb3 Ra3 36. Kd5 Rxb3 37. Rc7+
Kf8 38. e6 fxe6+ 39. Kxe6 Re3+ 40. Kf6 Rf3+ 41. Ke6 a5 42. Ra7 Re3+ 43. Kf6
Ke8 44. Rxa5 Rxh3 45. Rb5 b3 46. Rb7 Kd8 47. Ke5 Kc8 48. Rb4 Kc7 49. Kd5
Rg3 50. Ke6 Kc6 51. Kf6 Kc5 52. Rb8 Kc4 0-1

[Event "III Copa Roggio C"]
[Site "Asuncion PAR"]
[Date "2010.05.29"]
[Round "9"]
[White "Escofet,J"]
[Black "Genta,A"]
[Result "0-1"]
[WhiteElo "2076"]
[BlackElo "2106"]
[EventDate "2010.05.20"]

1. b3 d5 2. Bb2 Nf6 3. e3 c5 4. Bb5+ Bd7 5. Bxd7+ Nbxd7 6. f4 e6 7. Nf3 Bd6
8. O-O Qc7 9. d3 e5 10. fxe5 Nxe5 11. Nbd2 O-O 12. Qe1 Rfe8 13. Nh4 Neg4
14. Nf5 Bxh2+ 15. Kh1 Be5 16. Bxe5 Qxe5 17. Qh4 Nxe3 18. Nxe3 Qxe3 19. Nf3
h5 20. Rae1 Qh6 21. Ne5 d4 22. Rf5 Re6 23. Ref1 Rae8 24. Nf3 b6 25. Ng5 Rc6
26. Qh3 Re3 27. Qh4 Re7 28. Qf4 Re8 29. Qf3 Rc7 30. Qf4 Rce7 31. Qh4 Qg6
32. b4 Re5 33. Rxf6 Qxg5 34. Qxg5 Rxg5 35. Rxf7 Re2 36. Rxa7 Rgxg2 37. Rf5
Rh2+ 38. Kg1 Reg2+ 39. Kf1 Rxc2 40. Kg1 Rhg2+ 41. Kf1 Rxa2 42. Rxa2 Rxa2
43. bxc5 bxc5 44. Rxc5 g6 45. Rc4 Kg7 46. Rxd4 Kh6 47. Re4 Kg5 48. d4 Kf5
49. Re8 h4 50. d5 g5 51. d6 Rd2 52. Rd8 Kg4 53. Ke1 Rd5 54. d7 Re5+ 55. Kf2
Rf5+ 56. Ke3 Rd5 57. Ke2 h3 58. Ke3 h2 59. Rh8 Kg3 60. Rh5 Rxd7 61. Rxg5+
Kh4 62. Rg8 Rh7 0-1

[Event "III Copa Roggio C"]
[Site "Asuncion PAR"]
[Date "2010.05.29"]
[Round "9"]
[White "Villalba,M"]
[Black "Butti,E"]
[Result "0-1"]
[WhiteElo "2107"]
[BlackElo "2089"]
[EventDate "2010.05.20"]

1. e4 c5 2. Nf3 d6 3. d4 cxd4 4. Nxd4 Nf6 5. Nc3 a6 6. Bc4 e6 7. Bb3 b5 8.
f4 Bb7 9. f5 e5 10. Nf3 Be7 11. Bg5 Nbd7 12. Bxf6 Nxf6 13. Qd3 Rc8 14.
O-O-O Qa5 15. Rhg1 O-O 16. g4 Rxc3 17. Qxc3 Qxc3 18. bxc3 Nxe4 19. g5 Nxc3
20. f6 Bd8 21. g6 Bxf6 22. gxf7+ Kh8 23. Rxd6 Bxf3 24. Rf1 Bh5 25. Rxa6 h6
26. Kd2 Ne4+ 27. Ke3 Nc5 28. Raxf6 gxf6 29. Rxf6 Kg7 30. Rf5 Nxb3 31. Rxh5
Na5 32. Ke4 Nc4 33. Kd5 Rxf7 34. a4 Re7 35. axb5 e4 36. Kxc4 e3 37. Rh3 e2
38. Rg3+ Kf6 39. Rg1 e1=Q 40. Rxe1 Rxe1 41. Kc5 Rc1 42. c4 Ke6 43. h4 h5
44. b6 Kd7 45. Kd5 Rd1+ 46. Kc5 Rb1 0-1

[Event "III Copa Roggio C"]
[Site "Asuncion PAR"]
[Date "2010.05.29"]
[Round "9"]
[White "Daneri,M"]
[Black "Lipiniks,L"]
[Result "1/2-1/2"]
[WhiteElo "2109"]
[BlackElo "1870"]
[EventDate "2010.05.20"]

1. f4 Nf6 2. Nf3 d6 3. g3 Nc6 4. Bg2 e5 5. d3 Be7 6. Nc3 O-O 7. O-O Rb8 8.
a4 a6 9. e4 Bg4 10. h3 Bxf3 11. Qxf3 Nd4 12. Qf2 b5 13. axb5 axb5 14. Be3
b4 15. Ne2 Nxc2 16. Rac1 Nxe3 17. Qxe3 c5 18. g4 Nd7 19. Qf3 exf4 20. Nxf4
Bg5 21. Ra1 Ne5 22. Qe2 Bxf4 23. Rxf4 Qb6 24. Kh2 Ra8 25. Rff1 Qb5 26. Rad1
Ra2 27. Rfe1 Qb6 28. Rd2 Rfa8 29. Rf1 b3 30. Rf2 Qb4 31. Qe3 Qd4 32. Qxd4
cxd4 33. Bf3 Ra1 34. Bd1 Rb8 35. Kg3 g5 36. h4 gxh4+ 37. Kxh4 Kg7 38. g5
Rb5 39. Rf5 Rc1 40. Kg3 Rcc5 41. Bh5 Rc2 42. Rff2 Rbc5 43. Bd1 Rxd2 44.
Rxd2 Rb5 45. Bh5 f6 46. Be8 Rc5 47. gxf6+ Kxf6 48. Ba4 d5 49. exd5 Rxd5 50.
Bxb3 Rb5 51. Bc4 Rb4 52. b3 Kg5 53. Ra2 h5 54. Ra5 h4+ 55. Kh3 Kf4 56. Rd5
Nf3 57. Rd8 Rb6 58. Rf8+ Ke3 59. Re8+ Kd2 60. Kg4 Ne1 61. Rd8 Kc3 62. Rf8
Nc2 63. Kxh4 Na1 64. Rc8 Nxb3 65. Bxb3+ Kxb3 66. Rc4 Rb4 67. Rc8 Kb2 68.
Kg3 Rb3 69. Kf2 Rxd3 70. Ke2 Rc3 71. Rd8 1/2-1/2

[Event "III Copa Roggio C"]
[Site "Asuncion PAR"]
[Date "2010.05.29"]
[Round "9"]
[White "Heinrichs,Vivian"]
[Black "Diaz,Fe"]
[Result "0-1"]
[WhiteElo "1870"]
[BlackElo "1999"]
[EventDate "2010.05.20"]

1. e4 e6 2. Nc3 d5 3. Nf3 d4 4. Ne2 c5 5. c3 Nc6 6. cxd4 cxd4 7. Qa4 Bc5 8.
b4 Bb6 9. b5 Nce7 10. Nexd4 Nf6 11. d3 e5 12. Nc2 Qc7 13. Be2 Bd7 14. Qb3
Rc8 15. Ne3 O-O 16. O-O Be6 17. Qb2 Ng6 18. Bd2 Nf4 19. Bb4 Rfd8 20. Rfd1
Ng4 21. Qd2 a5 22. bxa6 bxa6 23. Bf1 Qa7 24. Nxg4 Bxg4 25. Nxe5 Bxd1 26.
Rxd1 Ne6 27. Nc4 Rxc4 0-1

[Event "III Copa Roggio C"]
[Site "Asuncion PAR"]
[Date "2010.05.29"]
[Round "9"]
[White "Battaglia,J"]
[Black "Chavez,Ni"]
[Result "0-1"]
[WhiteElo "1806"]
[BlackElo "1700"]
[EventDate "2010.05.20"]

1. c4 Nf6 2. Nf3 e6 3. e3 b6 4. d4 Bb7 5. Bd3 Bb4+ 6. Nbd2 Ne4 7. Bxe4 Bxe4
8. a3 Bxd2+ 9. Bxd2 O-O 10. O-O Bd3 11. Re1 Bxc4 12. Rc1 Bd5 13. e4 Bb7 14.
Qc2 Na6 15. Re3 d6 16. Bc3 Rc8 17. e5 f5 18. exf6 Rxf6 19. d5 e5 20. Ng5
Rh6 21. Ne6 Qh4 22. Rh3 Qg4 23. Rg3 Qh5 24. Rh3 Qg6 25. Rg3 Qxc2 26. Rxc2
Bxd5 27. Nxg7 Rg6 28. Nf5 Rxg3 29. hxg3 Be4 30. Ne7+ Kf7 31. Nxc8 Bxc2 32.
Nxa7 Ba4 33. Kf1 Ke6 34. Ke2 Nc5 35. Ke3 Bd7 36. b4 Na4 37. Ba1 b5 38. f4
Nb6 39. fxe5 Nc4+ 40. Ke4 d5+ 41. Kd4 Nxe5 42. Bb2 Kd6 43. Bc1 Ng6 44. Be3
c6 45. Bf4+ Nxf4 46. gxf4 Be6 47. g3 Bf5 48. Ke3 Bd7 49. Kd4 Bg4 50. Ke3
Bf5 51. Kd4 Bd7 52. Ke3 Kc7 53. Kd4 Kb6 54. Nxc6 Kxc6 55. Ke5 d4 56. Kxd4
Kd6 57. Ke4 Ke6 58. f5+ Kf6 59. g4 Kg5 60. Kf3 Be8 61. Kg3 Bd7 62. Kf3 Bxf5
63. gxf5 Kxf5 64. Ke3 Ke5 65. Kf3 Kd4 0-1

[Event "III Copa Roggio C"]
[Site "Asuncion PAR"]
[Date "2010.05.29"]
[Round "9"]
[White "Laterza,Martin"]
[Black "Riva,Eric"]
[Result "1-0"]
[WhiteElo "1494"]
[BlackElo "1639"]
[EventDate "2010.05.20"]

1. e4 e6 2. Qe2 c5 3. Nf3 Nc6 4. Nc3 Nge7 5. g3 g6 6. d3 Bg7 7. Bg2 Nd4 8.
Qd2 Nec6 9. Ne2 Nxf3+ 10. Bxf3 Qb6 11. c3 Qa6 12. Bg2 Ne5 13. c4 Qd6 14. d4
cxd4 15. b3 d3 16. Nc3 b6 17. O-O Bb7 18. f4 Qd4+ 19. Kh1 Nxc4 20. bxc4
Qxc3 21. Qxc3 Bxc3 22. Rb1 Ba6 23. Rb3 Bg7 24. Rb4 Bc3 25. Rb3 d2 26. Rxc3
dxc1=Q 27. Rfxc1 Bb7 28. a4 Rc8 29. c5 Ke7 30. cxb6 axb6 31. Rc7 Kd6 32.
e5+ Ke7 33. Bxb7 Rxc7 34. Rxc7 Rb8 35. Ba6 Kd8 36. Rc1 Ra8 37. Bb5 Ke7 38.
Rc7 Rd8 39. Rb7 f6 40. exf6+ Kxf6 41. Rxd7 Rc8 42. Rxh7 Rc1+ 1-0